Quizzes
Events
Quiz Creation
Community
Videos
Private Events
Remove Ads
Sign In
Join for FREE
Feedback
Dark Mode
Quiz Categories
Sports
Geography
Music
Movies
Television
Just For Fun
Miscellaneous
History
Literature
Language
Science
Gaming
Entertainment
Religion
Holiday
For Kids
Quiz Lab
Recent
Popular Today
Quiz Kudos Today
Editor Picks
Curator Picks
Quizzes by...
Day
Popularity
Type
Ratings
Length
Year
Community
Subscriptions
Recent Discussions
Orange Saloon
Badges
Playlists
Quests
Create
Leaderboards
Showdown
Live 5
Trivia Bingo
Activity
Puzzle Library
Sporcle Events
Private Events
Virtual Trivia
Globe League
Become a Host
Pub Owners
SporcleCon
Opinionation
Our Games
Videos
Blog
Mobile Apps
Partnerships
Remove Ads and Go Orange
Feedback
Gaming
Video Games
Board Games
Card Games
Pokémon
Mario
Nintendo
Minecraft
Console
Toys
Legend of Zelda
Gaming
Video Games
Board Games
Card Games
Pokémon
Mario
Nintendo
Minecraft
Console
Toys
Legend of Zelda
Random Quiz
Search Sporcle
×
Quiz Lab
Quiz Lab
Gaming
fortress
Type in answers that appear in a list
Type in answers that appear in a list
Classic
Best Score? Go Orange.
Team Fortress 2 Items - Strange Quality Stats
Can you name the Team Fortress 2 Items - Strange Quality?
By
camokazi
10m
124 Questions
22 Plays
22 Plays
22 Plays
Comments
Comments
Give Quiz Kudos
Give Quiz Kudos
-
- Ratings
hide this ad
More Info
Replay
Link that replays current quiz
Next Quiz
Link to next quiz in quiz playlist
You Got
0%
They Got
Avg Score
22%
Avg Friend Score
Upgrade to see
Score Distribution
Jump to the score distribution portion of the page
Score
0/124
Timer
10:00
0
Plays Today
Class
Weapon
% Correct
Scout
Scattergun
86.4%
Scout
Pistol
77.3%
Soldier
Rocket Launcher
68.2%
Soldier
Shotgun
68.2%
Heavy
Shotgun
68.2%
Engineer
Shotgun
68.2%
Medic
Medi Gun
68.2%
Scout
Bat
66.7%
Demoman
Grenade Launcher
63.6%
Medic
Syringe Gun
63.6%
Sniper
Sniper Rifle
63.6%
Spy
Knife
63.6%
Scout
Force-A-Nature
62.5%
Scout
Sandman
59.1%
Soldier
Direct Hit
59.1%
Pyro
Flame Thrower
59.1%
Pyro
Backburner
59.1%
Demoman
Eyelander
59.1%
Heavy
Minigun
59.1%
Sniper
Jarate
59.1%
Scout
Soda Popper
55.6%
Demoman
Stickybomb Launcher
54.5%
Engineer
Wrench
54.5%
Sniper
Sydney Sleeper
54.5%
Scout
Boston Basher
50%
Medic
Bonesaw
50%
Sniper
Bushwacka
50%
Spy
Revolver
50%
Spy
Ambassador
50%
Scout
Shortstop
44.4%
Medic
Übersaw
44.4%
Sniper
Tribalman's Shiv
44.4%
Pyro
Flare Gun
40.9%
Heavy
Natascha
40.9%
Engineer
Jag
40.9%
Medic
Crusader's Crossbow
40.9%
Engineer
Pistol
40.9%
Demoman
Chargin' Targe
36.4%
Heavy
Gloves of Running Urgently
36.4%
Engineer
Frontier Justice
36.4%
Medic
Kritzkrieg
36.4%
Scout
Festive Scattergun
33.3%
Class
Weapon
% Correct
Scout
Festive Bat
33.3%
Demoman
Bottle
33.3%
Medic
Blutsauger
33.3%
Medic
Quick-Fix
33.3%
Sniper
Huntsman
33.3%
Sniper
Bazaar Bargain
33.3%
Sniper
Submachine Gun
33.3%
Soldier
Pain Train
31.8%
Pyro
Powerjack
31.8%
Scout
Mad Milk
31.8%
Sniper
Razorback
31.8%
Pyro
Shotgun
31.8%
Soldier
Black Box
27.3%
Pyro
Degreaser
27.3%
Pyro
Axtinguisher
27.3%
Sniper
Machina
27.3%
Scout
Gold Botkiller Scattergun
25%
Scout
Botkiller Scattergun
25%
Demoman
Botkiller Stickybomb Launcher
25%
Medic
Gold Botkiller Medi Gun
25%
Medic
Botkiller Medi Gun
25%
Sniper
Gold Botkiller Sniper Rifle
25%
Sniper
Botkiller Sniper Rifle
25%
Spy
Conniver's Kunai
22.7%
Engineer
Gunslinger
22.7%
Soldier
Festive Rocket Launcher
22.2%
Pyro
Back Scratcher
22.2%
Demoman
Loch-n-Load
22.2%
Demoman
Festive Stickybomb Launcher
22.2%
Demoman
Scottish Resistance
22.2%
Medic
Overdose
22.2%
Medic
Festive Medi Gun
22.2%
Medic
Amputator
22.2%
Sniper
Festive Sniper Rifle
22.2%
Spy
Festive Knife
22.2%
Soldier
Half-Zatoichi
18.2%
Demoman
Pain Train
18.2%
Demoman
Ullapool Caber
18.2%
Demoman
Half-Zatoichi
18.2%
Heavy
Fists
18.2%
Scout
Holy Mackerel
13.6%
Soldier
Equalizer
12.5%
Class
Weapon
% Correct
Demoman
Scotsman's Skullcutter
12.5%
Heavy
Tomislav
12.5%
Soldier
Gold Botkiller Rocket Launcher
12.5%
Soldier
Botkiller Rocket Launcher
12.5%
Demoman
Gold Botkiller Stickybomb Launcher
12.5%
Soldier
Liberty Launcher
11.1%
Pyro
Reserve Shooter
11.1%
Pyro
Detonator
11.1%
Heavy
Festive Minigun
11.1%
Heavy
Brass Beast
11.1%
Heavy
Killing Gloves of Boxing
11.1%
Engineer
Festive Wrench
11.1%
Engineer
Southern Hospitality
11.1%
Soldier
Reserve Shooter
11.1%
Spy
Big Earner
11.1%
Scout
Atomizer
0%
Pyro
Festive Flame Thrower
0%
Heavy
Family Business
0%
Heavy
Holiday Punch
0%
Engineer
Widowmaker
0%
Spy
L'Etranger
0%
Spy
Diamondback
0%
Spy
Electro-Sapper
0%
Soldier
Mantreads
0%
Spy
Your Eternal Reward
0%
Spy
Dead Ringer
0%
All
Spirit of Giving
0%
Soldier
Market Gardener
0%
Demoman
Persian Persuader
0%
Soldier
Escape Plan
0%
Pyro
Rainblower
0%
Pyro
Lollichop
0%
Pyro
Gold Botkiller Flame Thrower
0%
Pyro
Botkiller Flame Thrower
0%
Heavy
Gold Botkiller Minigun
0%
Heavy
Botkiller Minigun
0%
Engineer
Gold Botkiller Wrench
0%
Engineer
Botkiller Wrench
0%
Spy
Gold Botkiller Knife
0%
Spy
Botkiller Knife
0%
Quiz Playlist
Details
Report
Send in Message
Add To Playlist
More Info:
The answers are exactly as written on TF2 Wiki.
Classic:
Type in answers that appear in a list
Quiz Source
Last Updated: Feb 16, 2017
Quiz Scoreboard
CHALLENGE
Sign Up to Join the Scoreboard
Show All
Scores
Hide
Comments
May contain spoilers
Recently Published
An Introduction to Baseball
by treessimontrees
Sports
5m
Movies - When Are They Set?
by FPL_Elf
Movies
5m
Popular People in 1961
by mucciniale
History
6m
More to Explore
Quiz From the Vault
Featured Blog Post
Where Did the Easter Bunny Come From?
hide this ad
You Might Also Like...
Tags
fortress
item
strange
team
Team Fortress 2
Today's Top Quizzes in Gaming
Browse Gaming
hide this ad
Today's Top Quizzes in fortress
Browse fortress
Top Contributed Quizzes in Gaming
1
Destiny 2 exotic weapons by perk icons
2
5-to-1: Consoles
3
Ultimate Genshin Impact Logic Puzzle (up to 4.3)
4
7-to-1: Board Game Piece Blitz
5
5-to-1: Legend of Zelda
6
Franchise by Action Figure
7
Who's on the WWE 2K24 Cover?
8
Windmill: Pokémon
9
Genshin Impact Logic Puzzle Quiz
10
Legendary or Exotic?
Explore More
Trending Topics
Harry Potter
NBA
Kpop
Anime
Disney
Marvel
Crossword
Soccer
WWE
Country
Puzzle
Song
The Office
NFL
Pokémon
hide this ad
More By:
camokazi
Quiz
Plays
Rating
Category
Featured
Created
Disney World Attractions - Magic Kingdom Theme Park
1,318
2.38
Entertainment
Apr 18, 2011
Call of Duty 4: Modern Warfare Characters
521
2.00
Gaming
Apr 16, 2011
Call of Duty 2: Big Red One Characters
164
3.00
Gaming
Apr 21, 2011
Call of Duty 3: Campaign Weapons and Vehicles
161
2.25
Gaming
Apr 14, 2011
Call of Duty Modern Warfare 2
140
2.00
Gaming
Apr 18, 2011
Go to Creator's Profile
Score Distribution
Quiz Creator Spotlight
camokazi
Follow
Send a Message
Quizzes Created
-
Created Quiz Play Count
-
More By This Creator
Popular Quizzes Today
1
Find the Countries of Europe - No Outlines Minefield
2
Find the US States - No Outlines Minefield
3
The Countries of the World
4
Popular People in 1961
5
US States
6
Find the US States
7
1-10 Letter E Words III
8
Risky Map Clicking: Biggest States A-Z
More Gaming Quizzes
Rocket League Arenas
Quiz Lab
Trending Quizzes
Risky Map Clicking: Least Populous States A-Z
1-10 Letter F Words
1-10 Letter G Words
One Thing in Common: United Kingdom
Not Quite an Element Typing Challenge
Recently Updated
Leaping Animals
pecheneg
Reality TV Shows (A-Z)
bhenderson79
Rickey Henderson's Hall of Fame Teammates
pecheneg
Champions League XIs: Arsenal
pecheneg
Quick Pick: Celebrities in WWE's Hall of Fame
aduchscher
A-Z Keypad Blitz II
pecheneg
Multiple Oscar Actors
pecheneg
Mystery Phrase Blitz: Oscar 'Best Actors'
pecheneg
F. Scott Fitzgerald Novels
LTH
Pick 3 Villains
ddd62291
Trending Topics
Anime
Marvel
Harry Potter
Kpop
NBA
Disney
Crossword
The Office
Song
Soccer
Pokémon
Puzzle
WWE
NFL
Country
Your Account Isn't Verified!
In order to create a playlist on Sporcle, you need to verify the email address you used during registration. Go to your
Sporcle Settings
to finish the process.
Report this User
Report this user for behavior that violates our
Community Guidelines
.
Details:
Send Report
Go to the Sporcle.com Mobile Site →
Comments